The provincial letters/ (Record no. 1016)

MARC details
000 -LEADER
fixed length control field 01016cam a22003131 4500
005 - DATE AND TIME OF LATEST TRANSACTION
control field 20260322212043.0
008 - FIXED-LENGTH DATA ELEMENTS--GENERAL INFORMATION
fixed length control field data
010 ## - LIBRARY OF CONGRESS CONTROL NUMBER
LC control number 55010340
040 ## - CATALOGING SOURCE
Original cataloging agency DLC
Transcribing agency DLC
Modifying agency DLC
041 1# - LANGUAGE CODE
Language code of text/sound track or separate title engfre
050 00 - LIBRARY OF CONGRESS CALL NUMBER
Classification number AC1
Item number .G72 vol. 33
082 00 - DEWEY DECIMAL CLASSIFICATION NUMBER
Classification number 284.84
-- 284.84
001 - CONTROL NUMBER
control field data
100 1# - MAIN ENTRY--PERSONAL NAME
Personal name Pascal, Blaise,
Dates associated with a name 1623-1662.
240 10 - UNIFORM TITLE
Uniform title Selections.
Language of a work English.
Date of a work 1955
245 14 - TITLE STATEMENT
Title The provincial letters/
Statement of responsibility, etc. Blaise Pascal ... [et al.].
260 ## - PUBLICATION, DISTRIBUTION, ETC.
Place of publication, distribution, etc. Chicago,
Name of publisher, distributor, etc. Encyclopædia Britannica
Date of publication, distribution, etc. [1955, c1952]
300 ## - PHYSICAL DESCRIPTION
Extent vi, 487 p.
Other physical details illus.
Dimensions 25 cm.
490 0# - SERIES STATEMENT
Series statement Great books of the Western World, v. 33
610 20 - SUBJECT ADDED ENTRY--CORPORATE NAME
Corporate name or jurisdiction name as entry element Jesuits.
610 20 - SUBJECT ADDED ENTRY--CORPORATE NAME
Corporate name or jurisdiction name as entry element Port-Royal des Champs (Abbey)
650 #0 - SUBJECT ADDED ENTRY--TOPICAL TERM
Topical term or geographic name entry element Jansenists
Geographic subdivision France.
700 1# - ADDED ENTRY--PERSONAL NAME
Personal name Pascal, Blaise,
Dates associated with a name 1623-1662.
Title of a work Pensées.
Date of a work (Eng. 1955)
700 1# - ADDED ENTRY--PERSONAL NAME
Personal name Pascal, Blaise,
Dates associated with a name 1623-1662.
Title of a work Scientific treatises. 1955.
700 1# - ADDED ENTRY--PERSONAL NAME
Personal name M'Crie, Thomas,
Dates associated with a name 1797-1875,
Relator term tr.
700 1# - ADDED ENTRY--PERSONAL NAME
Personal name Trotter, W. F.
Dates associated with a name b. 1871,
Fuller form of name (William Finlayson),
Relator term tr.
700 1# - ADDED ENTRY--PERSONAL NAME
Personal name Scofield, Richard,
Relator term tr.
740 ## - ADDED ENTRY--UNCONTROLLED RELATED/ANALYTICAL TITLE
Uncontrolled related/analytical title Pensées.
Holdings
Withdrawn status Lost status Damaged status Not for loan Home library Current library Shelving location Date acquired Total checkouts Full call number Barcode Date last seen Price effective from Koha item type
        Franklin Franklin General stacks 22/03/2026   271.5 284.84 BC0011049 22/03/2026 22/03/2026 Books